书目信息 |
| 题名: |
实用DOS详解
|
|
| 作者: | 徐宝文 | |
| 分册: | ||
| 出版信息: | 电子工业出版社 9 45 |
|
| 页数: | 589页 | |
| 开本: | 16开 | |
| 丛书名: | ||
| 单 册: | ||
| 中图分类: | TP307 | |
| 科图分类: | ||
| 主题词: | 计算技术 , 电子计算机 | |
| 电子资源: | ||
| ISBN: | ||
| 000 | 00515nam0 2200205 45 | |
| 001 | 0308271024 | |
| 005 | 20030827105626.1 | |
| 010 | @dRMB38.00 | |
| 100 | @a20030827d9 45 km y0chiy0120 ea | |
| 101 | @achi | |
| 105 | @a z 000yy | |
| 200 | 1 | @a实用DOS详解@Ashi yong DOS xiang jie@f徐宝文@Fxu bao wen |
| 210 | @c电子工业出版社@d9 45 | |
| 215 | @a589页@c无图表@d16开 | |
| 606 | 0 | @a计算技术 |
| 606 | 0 | @a电子计算机 |
| 690 | @aTP307@v3 | |
| 701 | 0 | @a徐宝文 |
| 801 | @aCN@b@c20030827 | |
| 905 | @aBZT@dTP307@e51 | |
| 实用DOS详解/徐宝文.-电子工业出版社,9 45 |
| 589页:无图表;16开 |
| ISBN :RMB38.00 |
| ● |
| 相关链接 |
|
|
|
正题名:实用DOS详解
索取号:TP307/51
 
预约/预借
| 序号 | 登录号 | 条形码 | 馆藏地/架位号 | 状态 | 备注 |